00419nam a2200157Ia 45000010006000000050017000060080041000230410008000640820015000721000033000872450088001202600009002083000028002176500008002456540008002532508020260414151126.0260414t2013||||xx |||||||||||||| ||spa|| aESP a346.2bC25 aCanales Torres, ClaudiaeAUT 0aCriterios en la determinación de la pensión de alimentos en la jurisprudenciab c2013 a207 páginas :c24 cm. aDER aCDE